Т. 2; Практический курс рентгеноструктурного анализа

Bibliographic Details
Parent link:Практический курс рентгеноструктурного анализа: учебное пособие для государственных университетов/ М. А. Порай-Кошиц. Т. 2.— , 1960
Language:Russian
Published: 1960
Subjects:
Format: Book
KOHA link:https://koha.lib.tpu.ru/cgi-bin/koha/opac-detail.pl?biblionumber=71144

MARC

LEADER 00000nam2a2200000 4500
001 71144
005 20231101212549.0
035 |a (RuTPU)RU\TPU\book\75745 
090 |a 71144 
100 |a 20041209d1960 m y0rusy50 ca 
101 0 |a rus 
102 |a RU 
105 |a a j 001zy 
200 0 |a Т. 2 
210 |d 1960 
215 |a 632 с.  |c ил.  |e 1 л. табл. 
461 1 |0 (RuTPU)RU\TPU\book\77211  |t Практический курс рентгеноструктурного анализа  |o учебное пособие для государственных университетов  |f М. А. Порай-Кошиц  |v Т. 2  |d 1960 
606 1 |a Кристаллы  |x Рентгеноструктурный анализ  |2 stltpush  |3 (RuTPU)RU\TPU\subj\80345  |9 88070 
610 1 |a рентгеноструктурный анализ 
610 1 |a физические методы исследования 
610 1 |a рентгеновские лучи 
610 1 |a волновые процессы 
610 1 |a отражения 
610 1 |a ряды Фурье 
610 1 |a функции Паттерсона 
610 1 |a координаты атомов 
610 1 |a учебники 
610 1 |a учебные пособия 
675 |a 548.73(075.8)  |v 3 
801 1 |a RU  |b 63413507  |c 20041209  |g PSBO 
801 2 |a RU  |b 63413507  |c 20210601  |g PSBO 
900 |a Физические методы исследования 
942 |c BK 
952 |a 550000  |b 070800